000 00301nam a22001337a 4500
008 171017b xxu||||| |||| 00| 0 eng d
020 _a9780073529882
041 _aeng
080 _29TH
_a338
100 _a52
101 _aMIK
245 _aNEW PRODUCTS MANAGEMENT
_cBENEDETTO,A.D
942 _2udc
_cBK
999 _c34506
_d34506